000 00567 a2200193 4500
005 20240415122117.0
008 240415b |||||||| |||| 00| 0 eng d
020 _a9789395829670
_cRs. 995.00
040 _aMAIN
082 _a300.72
_bB146R
100 _aBagal, Yudhisther Singh
245 _aResearch methodology basic concepts, methods, and techniques
260 _bFriends Publications (India)
_c2023
_aNew Delhi
300 _a187
650 _aResearch Methodology
650 _aQualitative Research Methods
700 _aAnand, Meenakshi
942 _cBK
999 _c312131
_d312131